Instalación de un frigorífico para almacenar aguacate (CV. Fuerte) en la zona de Atixco, Puebla / (Record no. 209723)
[ view plain ]
| 000 -CABECERA | |
|---|---|
| campo de control de longitud fija | 01644nam a2200409Ia 4500 |
| 001 - NÚMERO DE CONTROL | |
| campo de control | dia_6900 |
| 003 - IDENTIFICADOR DEL NÚMERO DE CONTROL | |
| campo de control | CHAP |
| 005 - FECHA Y HORA DE LA ÚLTIMA TRANSACCIÓN | |
| campo de control | 20240621134805.0 |
| 007 - CAMPO FIJO DE DESCRIPCIÓN FÍSICA--INFORMACIÓN GENERAL | |
| campo de control de longitud fija | ta |
| 008 - DATOS DE LONGITUD FIJA--INFORMACIÓN GENERAL | |
| campo de control de longitud fija | 220601s1984 mx d fr 001 0 spa d |
| 040 ## - FUENTE DE LA CATALOGACIÓN | |
| Centro catalogador/agencia de origen | CHAP |
| Lengua de catalogación | mxchpua |
| Normas de descripción | rda |
| 090 ## - LOCALMENTE ASIGNADO TIPO-LC NÚMERO DE CLASIFICACIÓN (OCLC); NÚMERO DE CLASIFICACIÓN LOCAL (RLIN) | |
| Número de clasificación (OCLC) (R) ; Numero de clasificación, CALL (RLIN) (NR) | V.C.7 |
| Número cutter local (OCLC) ; Número de libro/Signatura topográfica íntegra, CALL (RLIN) | M37 |
| Año | 1984 |
| 245 10 - MENCIÓN DE TÍTULO | |
| Título | Instalación de un frigorífico para almacenar aguacate (CV. Fuerte) en la zona de Atixco, Puebla / |
| Mención de responsabilidad, etc. | coordinadorRubén Marchand ; colaboradores Josafat Alcantara Alcantara...[y otros] |
| 260 ## - PUBLICACIÓN, DISTRIBUCIÓN, ETC. | |
| Lugar de publicación, distribución, etc. | Chapingo, México : |
| Nombre del editor, distribuidor, etc. | El autor, |
| Fecha de publicación, distribución, etc. | 1984 |
| 300 ## - DESCRIPCIÓN FÍSICA | |
| Extensión | 40 hojas : |
| Otras características físicas | gráficas |
| 336 ## - TIPO DE CONTENIDO | |
| Fuente | rdacontent |
| Término de tipo de contenido | texto |
| Código de tipo de contenido | txt |
| 337 ## - TIPO DE MEDIO | |
| Fuente | rdamedia |
| Nombre/término del tipo de medio | no mediado |
| Código del tipo de medio | n |
| 338 ## - TIPO DE SOPORTE | |
| Fuente | rdacarrier |
| Nombre/término del tipo de soporte | volumen |
| Código del tipo de soporte | nc |
| 502 ## - NOTA DE TESIS | |
| Nota de tesis | Viaje de estudios |
| Tipo de título | (Viaje Corto) -- |
| Nombre de la institución que otorga el título | UACh. Departamento de Ingeniería Agroindustrial, |
| Año de obtención del título | 1984 |
| 505 ## - NOTA DE CONTENIDO CON FORMATO | |
| Nota de contenido con formato | 1 Plano -- <br/>1. Plano de área (Esc 1:50) Proyecto para el Establecimiento de una Cámara Frigorífica en Atlixco, Puebla para la conservación de Aguacate |
| 650 13 - PUNTO DE ACCESO ADICIONAL DE MATERIA--TÉRMINO DE MATERIA | |
| Término de materia o nombre geográfico como elemento de entrada | Aguacate |
| 9 (RLIN) | 159763 |
| Subdivisión general | Conservación |
| 650 13 - PUNTO DE ACCESO ADICIONAL DE MATERIA--TÉRMINO DE MATERIA | |
| Término de materia o nombre geográfico como elemento de entrada | Preservación de alimentos |
| 9 (RLIN) | 144378 |
| 650 13 - PUNTO DE ACCESO ADICIONAL DE MATERIA--TÉRMINO DE MATERIA | |
| Término de materia o nombre geográfico como elemento de entrada | Refrigeración |
| 9 (RLIN) | 95611 |
| 650 13 - PUNTO DE ACCESO ADICIONAL DE MATERIA--TÉRMINO DE MATERIA | |
| Término de materia o nombre geográfico como elemento de entrada | Aguacate |
| 9 (RLIN) | 163224 |
| Subdivisión general | Almacenamiento en frío |
| 650 13 - PUNTO DE ACCESO ADICIONAL DE MATERIA--TÉRMINO DE MATERIA | |
| Término de materia o nombre geográfico como elemento de entrada | Avocados |
| 9 (RLIN) | 159764 |
| Subdivisión general | Preservation |
| 650 13 - PUNTO DE ACCESO ADICIONAL DE MATERIA--TÉRMINO DE MATERIA | |
| Término de materia o nombre geográfico como elemento de entrada | Food preservation |
| 650 13 - PUNTO DE ACCESO ADICIONAL DE MATERIA--TÉRMINO DE MATERIA | |
| Término de materia o nombre geográfico como elemento de entrada | Refrigeration |
| 9 (RLIN) | 146930 |
| 650 13 - PUNTO DE ACCESO ADICIONAL DE MATERIA--TÉRMINO DE MATERIA | |
| Término de materia o nombre geográfico como elemento de entrada | Avocados |
| 9 (RLIN) | 148887 |
| Subdivisión general | Cold storage |
| 700 1# - PUNTO DE ACCESO ADICIONAL--NOMBRE DE PERSONA | |
| Nombre de persona | Marchand Ortega, Rubén |
| 9 (RLIN) | 148337 |
| Término indicativo de función/relación | coordinador |
| 700 1# - PUNTO DE ACCESO ADICIONAL--NOMBRE DE PERSONA | |
| Nombre de persona | Alcántara Alcántara, Josafat |
| 9 (RLIN) | 163226 |
| Término indicativo de función/relación | colaborador |
| 942 ## - ELEMENTOS DE PUNTO DE ACCESO ADICIONAL (KOHA) | |
| Fuente del sistema de clasificación o colocación | Clasificación Universidad Autónoma de Chapingo |
| 901 ## - ELEMENTOS DE DATOS A LOCAL LDA (RLIN) | |
| a | V.C.7 M37 1984 |
| 902 ## - ELEMENTOS DE DATOS B LOCAL, LDB (RLIN) | |
| a | M |
| 905 ## - ELEMENTOS DE DATOS E LOCAL, LDE (RLIN) | |
| a | 5232271984 mx me 8123223321spa16 |
| 942 ## - ELEMENTOS DE PUNTO DE ACCESO ADICIONAL (KOHA) | |
| Tipo de ítem Koha | Viaje de Estudios |
| Estado de retiro | Estado de pérdida | Fuente del sistema de clasificación o colocación | Estado dañado | Restricciones de uso | No para préstamo | Código de colección | Localización permanente | Ubicación/localización actual | Fecha de adquisición | Fuente de adquisición | Total de préstamos | Signatura topográfica completa | Código de barras | Fecha visto por última vez | Número de copia | Precio válido a partir de | Tipo de ítem Koha |
|---|---|---|---|---|---|---|---|---|---|---|---|---|---|---|---|---|---|
| Clasificación Universidad Autónoma de Chapingo | Préstamo interno | Viajes de Estudio | Ingenieria Agroindustrial | Ingenieria Agroindustrial | 01/06/2022 | El autor | V.C.7 M37 1984 | 1106012001 | 26/01/2026 | Ej. 1 | 01/06/2022 | Viaje de Estudios |
